Statistics for First 100 words of The Hound of the Baskervilles

Click here to take the quiz!

General Stats

  • This quiz has been taken 91 times
    (90 since last reset)
  • The average score is 41 of 100

Answer Stats

Word% Correct
a
96%
I
92%
the
92%
an
84%
was
84%
he
79%
and
78%
Holmes,
78%
Sherlock
76%
in
75%
of
70%
when
70%
who
70%
It
68%
it,
68%
as
64%
"To
64%
Mr.
59%
at
58%
his
58%
had
50%
is
49%
up
46%
him
45%
all
43%
from
41%
night
41%
night,
41%
with
33%
very
30%
before.
25%
those
25%
our
24%
Just
22%
table.
20%
late
18%
left
18%
which
18%
head
17%
stick
17%
behind
16%
visitor
16%
breakfast
14%
usually
14%
stood
13%
under
13%
known
12%
mornings,
12%
picked
12%
save
11%
wood,
11%
fine,
9%
hearth-rug
8%
engraved
7%
friends
7%
seated
7%
infrequent
5%
James
5%
lawyer."
5%
Mortimer,
5%
"Penang
5%
piece
5%
sort
5%
upon
5%
"1884."
4%
across.
4%
band
4%
broad
4%
bulbous-headed,
4%
C.C.H.,"
4%
date
4%
inch
4%
M.R.C.S.,
4%
nearly
4%
occasions
4%
silver
4%
thick
4%

Score Distribution

Percentile by Number Answered

Percent of People with Each Score

Your Score History

You have not taken this quiz since the last reset